[Event "Tarnowskie Gory Piasta Memorial 5th"]
[Site "Tarnowskie Gory"]
[Date "2007.08.07"]
[Round "10"]
[White "Marek, Eugeniusz"]
[Black "Janiszewski, Maciej"]
[Result "0-1"]
[WhiteElo "1932"]
[BlackElo "2083"]
[PlyCount "62"]
[EventDate "2007.07.28"]
[EventType "swiss"]
[EventRounds "10"]
[EventCountry "POL"]
[SourceTitle "EXT 2011"]
[Source "ChessBase"]
[SourceDate "2010.11.26"]
[SourceVersion "1"]
[SourceVersionDate "2010.11.26"]
[SourceQuality "1"]

1. d4 Nf6 2. c4 g6 3. Nf3 Bg7 4. Bg5 0-0 5. e3 d6 6. Nc3 Nbd7 7. Be2 e5 8. 0-0 c6 9. d5 c5 10. e4 h6 11. Bh4 g5 12. Bg3 Nh5 13. Nd2 Nf4 14. f3 Nf6 15. Qe1 Kh7 16. Rb1 a5 17. a4 N6h5 18. Bf2 Rg8 19. Be3 Bf8 20. Kh1 Be7 21. g3 Qd7 22. gxf4 gxf4 23. Bf2 Ng3+ 24. Bxg3 fxg3 25. Rg1 Bh4 26. Rg2 Qh3 27. Qg1 gxh2 28. Qf1 Bg3 29. Nd1 Qh4 30. Nf2 Bd7 31. Qe1 Bh3 0-1

[Event "Tarnowskie Gory Piasta Memorial 5th"]
[Site "Tarnowskie Gory"]
[Date "2007.07.30"]
[Round "5"]
[White "Sroka, Janusz"]
[Black "Marek, Eugeniusz"]
[Result "1-0"]
[WhiteElo "2161"]
[BlackElo "1932"]
[PlyCount "77"]
[EventDate "2007.07.28"]
[EventType "swiss"]
[EventRounds "10"]
[EventCountry "POL"]
[SourceTitle "EXT 2011"]
[Source "ChessBase"]
[SourceDate "2010.11.26"]
[SourceVersion "1"]
[SourceVersionDate "2010.11.26"]
[SourceQuality "1"]

1. e4 e5 2. Nf3 Nc6 3. Bc4 Be7 4. 0-0 Nf6 5. d3 d6 6. c3 Bg4 7. h3 Bh5 8. Nbd2 0-0 9. Re1 Qd7 10. Nf1 Na5 11. Bb3 Nxb3 12. axb3 c5 13. Ng3 Bg6 14. Nh4 Rfe8 15. Nhf5 Bf8 16. Bg5 Qe6 17. h4 h6 18. Bxf6 Qxf6 19. Qg4 Bxf5 20. Nxf5 Kh7 21. Ne3 Qe6 22. Qd1 Be7 23. Nd5 Qd7 24. g3 Bd8 25. Qf3 Qe6 26. Kg2 g6 27. h5 Kg7 28. Rh1 Rf8 29. g4 Qd7 30. Qh3 Bg5 31. Ra3 f5 32. gxf5 gxf5 33. f3 Qf7 34. Qxf5 Qxf5 35. exf5 Rxf5 36. Nc7 Rc8 37. Nb5 a6 38. Nxd6 Rd8 39. Nxf5+ 1-0

[Event "Tarnowskie Gory Piasta Memorial 5th"]
[Site "Tarnowskie Gory"]
[Date "2007.07.28"]
[Round "2"]
[White "Graczyk, Damian"]
[Black "Marek, Eugeniusz"]
[Result "0-1"]
[WhiteElo "1839"]
[BlackElo "1932"]
[PlyCount "102"]
[EventDate "2007.07.28"]
[EventType "swiss"]
[EventRounds "10"]
[EventCountry "POL"]
[SourceTitle "EXT 2011"]
[Source "ChessBase"]
[SourceDate "2010.11.26"]
[SourceVersion "1"]
[SourceVersionDate "2010.11.26"]
[SourceQuality "1"]

1. c4 e5 2. Nc3 g6 3. g3 Bg7 4. Bg2 d6 5. d3 c6 6. Rb1 a5 7. Nf3 Nf6 8. 0-0 0-0 9. Bd2 Bg4 10. b4 axb4 11. Rxb4 Bc8 12. Qc2 Re8 13. Rfb1 Na6 14. R4b2 Nc5 15. Ne1 Qc7 16. Be3 Nfd7 17. Ne4 Ne6 18. Bb6 Nxb6 19. Rxb6 f5 20. Nc3 Nc5 21. e3 Ra3 22. Qc1 Ra7 23. Qd1 Ra3 24. Qc1 Ra7 25. Qd1 Qf7 26. Qe2 Qf6 27. Qd2 Rd8 28. Nc2 Nxd3 29. Qxd3 e4 30. Nxe4 fxe4 31. Qb3 Rf8 32. Rf1 Qe5 33. Nd4 Qc5 34. Nc2 Re8 35. Rd1 Be6 36. Bf1 Bg4 37. Rc1 Bc8 38. Rd1 Be5 39. Rb4 Qa5 40. a3 c5 41. Rb5 Qc7 42. Qa2 Bd7 43. Rbb1 Ba4 44. Rdc1 Bf6 45. Ne1 Bd7 46. Rc2 Be6 47. Rd1 Rea8 48. Qb1 Rxa3 49. Rcd2 Bf5 50. Ng2 Bg4 51. Re1 Bc3 0-1

[Event "Chorzow op"]
[Site "Chorzow"]
[Date "2007.03.30"]
[Round "9"]
[White "Marek, Eugeniusz"]
[Black "Sowa, Bernard"]
[Result "1/2-1/2"]
[WhiteElo "1947"]
[BlackElo "1938"]
[PlyCount "26"]
[EventDate "2007.03.24"]
[EventType "swiss"]
[EventRounds "9"]
[EventCountry "POL"]
[SourceTitle "EXT 2011"]
[Source "ChessBase"]
[SourceDate "2010.11.26"]
[SourceVersion "1"]
[SourceVersionDate "2010.11.26"]
[SourceQuality "1"]

1. e4 c6 2. d4 d5 3. Nd2 dxe4 4. Nxe4 Nd7 5. Nf3 Ngf6 6. Ng3 e6 7. Bd3 Be7 8. 0-0 0-0 9. Re1 c5 10. c3 b6 11. Qe2 Bb7 12. Be3 Rc8 13. Rad1 Qc7 1/2-1/2